| 000 | 00488nam a22001691a 4500 | ||
|---|---|---|---|
| 001 | 6454 | ||
| 003 | OSt | ||
| 005 | 20260204212051.0 | ||
| 008 | 060421s1984||||dr ||||||b||||||||||spa|| | ||
| 050 | _aRD 378.7293 | ||
| 110 | _aUniversidad Autónoma de Santo Domingo | ||
| 245 | _aTalleres evaluación diagnóstico y perspección oplau - ceresd 1966-1984 | ||
| 264 | _aSanto Domingo : UASD | ||
| 300 | _a348 p | ||
| 650 | _a1.Educación Superior - República DominicanaÌ | ||
| 942 |
_2ddc _cBK |
||
| 999 |
_c6454 _d6454 |
||